Language Quiz

Random Language or French Quiz

French: Clothing Quiz Stats

Quiz Updated Aug 8, 2016

Also try: French: Food
Challenge
Share
Tweet
Embed
Score 0/20 Timer 05:00
2 Plays Today
English French % Correct
Hatle chapeau
87.5%
T-Shirtle tee-shirt
73.7%
Pantsle pantalon
71.1%
Jeansle jean
68.8%
Skirtla jupe
56.4%
Shoesles chaussures
48.6%
Coatle manteau
46.6%
Sweaterle pull
43%
Socksles chaussettes
41.9%
Blousele chemisier
41.9%
English French % Correct
Shortsle short
39.9%
Pajamale pyjama
39.2%
Jacketle blouson
38.2%
Bootsles bottes
35.2%
Men's suitle costume
34.2%
Scarfl'écharpe
33.5%
Sandalsles sandales
32.4%
Bathing suitle maillot de bain
30.1%
Sneakersles tennis
25.5%
Raincoatl'imperméable
19.7%

You're not logged in!

Compare scores with friends on all Sporcle quizzes.
Sign Up with Email
OR
Log In

You Might Also Like...

Show Comments

Extras

Top Quizzes Today


Score Distribution

Your Account Isn't Verified!

In order to create a playlist on Sporcle, you need to verify the email address you used during registration. Go to your Sporcle Settings to finish the process.